000 01420 a2200229 4500
020 _a0130856347
040 _aLibrary of Congress
_bEnglish
082 _a621.381
100 1 _aTocci, Ronald J.
245 1 0 _aDigital systems : principles and applications
_cRonald J. Tocci, Neal S. Widmer.
250 _a8th ed.
260 _aUpper Saddle River, N.J. :
_bPrentice Hall,
_c2001.
300 _a881 p. :
_bill. +
_e2 CD-ROMs (4 3/4 in.)
500 _aAccompanying CD-ROM [1] under title: Texas instruments data sheets to accompany digital systems, CD-ROM [2] under title: Electronic workbench circuit files, CircuitMaker circuit files & student version software, demo version of CUPL to accompany digital systems, 8e.
500 _a"CUPL software activation code: Organization: extendeddemo. Serial number: 10007733".
538 _aSystem requirements for accompanying CD-ROM : Windows 95/98/NT4 or later; IBM compatible 486DX PC or later; 10MB of available hard disk space (15MB during install) and 12MB of RAM; VGA (or higher) resolution video card and monitor (color preferred).
650 0 _aDigital electronics.
700 1 _aWidmer, Neal S.
740 0 2 _aTexas instruments data sheets to accompany digital systems.
740 0 2 _aElectronic workbench circuit files, CircuitMaker circuit files & student version software, demo version of CUPL to accompany digital systems, 8e.
942 _cBK
_k621.381 TOC
_2ddc
999 _c8015
_d8015